|
|
|
|
| LEADER |
00000cam a22000002c 4500 |
| 001 |
1840062266 |
| 003 |
DE-627 |
| 005 |
20250706104552.0 |
| 007 |
cr uuu---uuuuu |
| 008 |
230324s1993 xx |||||o 00| ||eng c |
| 024 |
7 |
|
|a 10.3886/ICPSR09788.v1
|2 doi
|
| 035 |
|
|
|a (DE-627)1840062266
|
| 035 |
|
|
|a (DE-599)KXP1840062266
|
| 040 |
|
|
|a DE-627
|b ger
|c DE-627
|e rda
|
| 041 |
|
|
|a eng
|
| 084 |
|
|
|a 2,1
|2 ssgn
|
| 100 |
1 |
|
|a Sherman, Lawrence W.
|e VerfasserIn
|4 aut
|
| 245 |
1 |
0 |
|a Repeat Complaint Address Policing: Two Field Experiments in Minneapolis, 1985-1987
|
| 264 |
|
1 |
|a [Erscheinungsort nicht ermittelbar]
|b [Verlag nicht ermittelbar]
|c 1993
|
| 336 |
|
|
|a Text
|b txt
|2 rdacontent
|
| 337 |
|
|
|a Computermedien
|b c
|2 rdamedia
|
| 338 |
|
|
|a Online-Ressource
|b cr
|2 rdacarrier
|
| 520 |
|
|
|a A leading sociological theory of crime is the "routine activities" approach (Cohen and Felson, 1979). The premise of this theory is that the rate of occurrence of crime is affected by the convergence in time and space of three elements: motivated offenders, suitable targets, and the absence of guardianship against crime. The purpose of this study was to provide empirical evidence for the routine activities theory by investigating criminal data on places. This study deviates from traditional criminology research by analyzing places instead of collectivities as units of spatial analysis. There are two phases to this study. The purpose of the first phase was to test whether crime occurs randomly in space or is concentrated in "hot spots". Telephone calls for police service made in 1985 and 1986 to the Minneapolis Police Department were analyzed for patterns and concentration of repeat calls and were statistically tested for randomness. For the second phase of the study, two field experiments were designed to test the effectiveness of a proactive police strategy called Repeat Complaint Address Policing (RECAP). Samples of residential and commercial addresses that generated the most concentrated and most frequent repeat calls were divided into groups of experimental and control addresses, resulting in matched pairs. The experimental addresses were then subjected to a more focused proactive policing. The purposes of the RECAP experimentation were to test the effectiveness of proactive police strategy, as measured through the reduction in the incidence of calls to the police and, in so doing, to provide empirical evidence on the routine activities theory. Variables in this collection include the number of calls for police service in both 1986 and 1987 to the control addresses for each experimental pair, the number of calls for police service in both 1986 and 1987 to the experimental addresses for each experimental pair, numerical differences between calls in 1987 and 1986 for both the control addresses and experimental addresses in each experimental pair, percentage difference between calls in 1987 and 1986 for both the control addresses and the experimental addresses in each experimental pair, and a variable that indicates whether the experimental pair was used in the experimental analysis. The unit of observation for the first phase of the study is the recorded telephone call to the Minneapolis Police Department for police service and assistance. The unit of analysis for the second phase is the matched pair of control and experimental addresses for both the residential and commercial address samples of the RECAP experiments.
|
| 540 |
|
|
|a ICPSR Terms of Use
|
| 650 |
|
4 |
|a Causes of crime
|
| 650 |
|
4 |
|a citizen crime reporting
|
| 650 |
|
4 |
|a Crime
|
| 650 |
|
4 |
|a crime patterns
|
| 650 |
|
4 |
|a Crime rates
|
| 650 |
|
4 |
|a police reports
|
| 655 |
|
7 |
|a Forschungsdaten
|0 (DE-588)1098579690
|0 (DE-627)857755366
|0 (DE-576)469182156
|2 gnd-content
|
| 700 |
1 |
|
|a Buerger, Michael E.
|e MitwirkendeR
|4 ctb
|
| 700 |
1 |
|
|a Gartin, Patrick R.
|e MitwirkendeR
|4 ctb
|
| 787 |
0 |
8 |
|i Forschungsdaten zu
|a Buerger, Michael E.
|t Convincing the Recalcitrant: Reexamining the Minneapolis RECAP (Repeat Call Address Policing) Experiment
|d [Erscheinungsort nicht ermittelbar] : Rutgers State University of New Jersey, 1991
|w (DE-627)1912492490
|
| 787 |
0 |
8 |
|i Forschungsdaten zu
|a Buerger, Michael E.
|t Defensive strategies of the street-level drug trade
|d 1992
|w (DE-627)1912507072
|
| 787 |
0 |
8 |
|i Forschungsdaten zu
|a Cohn, Ellen G.
|t The effect of weather and temporal variations on calls for police service
|d 1996
|w (DE-627)1912530082
|
| 787 |
0 |
8 |
|i Forschungsdaten zu
|a Braga, Anthony Allan, 1969 -
|t The growth of randomized experiments in policing: The vital few and the salience of monitoring
|d 2014
|w (DE-627)1912569442
|
| 787 |
0 |
8 |
|i Forschungsdaten zu
|a Sherman, Lawrence W., 1949 -
|t Hot spots of crime and criminal careers of places
|d Willow Tree Press, 1995
|w (DE-627)1912576287
|
| 787 |
0 |
8 |
|i Forschungsdaten zu
|a Sherman, Lawrence W., 1949 -
|t Hot Spots of Predatory Crime: Routine Activities and the Criminology of Place
|d 1989
|w (DE-627)1912576317
|
| 787 |
0 |
8 |
|i Forschungsdaten zu
|a Farrell, Graham
|t Preventing repeat victimization
|d University of Cicago Press, 1995
|w (DE-627)1912662531
|
| 787 |
0 |
8 |
|i Forschungsdaten zu
|a Hinkle, Joshua
|t Problem-oriented policing for reducing crime and disorder: An updated systematic review and meta-analysis
|d 2020
|w (DE-627)1912665360
|
| 787 |
0 |
8 |
|i Forschungsdaten zu
|a Buerger, Michael E.
|t The problems of problem-solving: Resistance, interdependencies, and conflicting interests
|d 1994
|w (DE-627)191266545X
|
| 787 |
0 |
8 |
|i Forschungsdaten zu
|a Sherman, Lawrence W., 1949 -
|t Repeat Calls to Police in Minneapolis
|d Crime Control Institute, 1987
|w (DE-627)1912685043
|
| 787 |
0 |
8 |
|i Forschungsdaten zu
|a Buerger, Michael E.
|t Third-party policing: A theoretical analysis of an emerging trend
|d 1998
|w (DE-627)191272409X
|
| 856 |
4 |
0 |
|u https://doi.org/10.3886/ICPSR09788.v1
|x Resolving-System
|z kostenfrei
|3 Volltext
|7 0
|
| 935 |
|
|
|a mkri
|
| 951 |
|
|
|a BO
|
| ELC |
|
|
|a 1
|
| LOK |
|
|
|0 000 xxxxxcx a22 zn 4500
|
| LOK |
|
|
|0 001 4296809911
|
| LOK |
|
|
|0 003 DE-627
|
| LOK |
|
|
|0 004 1840062266
|
| LOK |
|
|
|0 005 20230324125314
|
| LOK |
|
|
|0 008 230324||||||||||||||||ger|||||||
|
| LOK |
|
|
|0 035
|a (DE-2619)ICPSR9788
|
| LOK |
|
|
|0 040
|a DE-2619
|c DE-627
|d DE-2619
|
| LOK |
|
|
|0 092
|o n
|
| LOK |
|
|
|0 852
|a DE-2619
|
| LOK |
|
|
|0 852 1
|9 00
|
| LOK |
|
|
|0 935
|a foda
|a nacj
|
| LOK |
|
|
|0 939
|a 24-03-23
|b l01
|
| OAS |
|
|
|a 1
|
| ORI |
|
|
|a SA-MARC-krimdoka001.raw
|